000 00586nam a2200217 i 4500
001 180150
003 ES-MaACL
005 20250315062601.0
008 120427s2011 sp |||| | spa d
020 _a978-84-321-3973-4
080 _a821.134.2-14"20"
100 1 _aBernal, Jesús (
_d1976-)
_9149885
245 1 0 _aHombre en la niebla /
_cJesús Bernal.
250 _a[1ª ed.].
260 _aMadrid :
_bRialp,
_c2011.
300 _a60 p. ;
_c17 cm.
490 1 _aAdonáis ;
_v627
830 0 0 _aAdonáis
_v627
_9173743
852 _aES-MaACL
_jJ-23-627
999 _c180150
_d180150